[Event "Portoroz op 14th"]
[Site "Portoroz"]
[Date "2023.07.22"]
[Round "9"]
[White "Danicic, Anze"]
[Black "Litner, Igor"]
[Result "0-1"]
[WhiteElo "1136"]
[BlackElo "1943"]
[PlyCount "118"]
[EventDate "2023.07.15"]
[EventType "swiss"]
[EventRounds "9"]
[EventCountry "SLO"]
[SourceTitle "CBM 215 Extra"]
[Source "ChessBase"]
[SourceDate "2023.09.30"]
[SourceVersion "1"]
[SourceVersionDate "2023.09.30"]
[SourceQuality "1"]

1. e4 c6 2. d4 d5 3. Nc3 g6 4. Nf3 Bg4 5. h3 Bxf3 6. Qxf3 dxe4 7. Qxe4 Nf6 8. Qd3 Bg7 9. Bg5 Qa5 10. Bxf6 Bxf6 11. 0-0-0 e6 12. g4 Nd7 13. f4 0-0-0 14. Ne4 Be7 15. Qb3 Qc7 16. Qe3 Nf6 17. Bc4 h5 18. Ng5 Bd6 19. Rhf1 Rde8 20. f5 exf5 21. Qb3 Bf4+ 22. Kb1 Bxg5 23. gxf5 Re7 24. fxg6 fxg6 25. h4 Bxh4 26. Qh3+ Ng4 27. Qxh4 Ne3 28. Rde1 Rhe8 29. Be6+ Rxe6 30. Qh3 Nf5 31. Rd1 Kb8 32. a3 Ne3 33. Rde1 Nf5 34. Rd1 Qg3 35. Qh1 Ne3 36. Rd3 Qg2 37. Qxg2 Nxg2 38. Rf2 Nh4 39. d5 Rd6 40. Rf7 Rxd5 41. Rb3 b6 42. Rg7 Rde5 43. Rd7 Nf5 44. Rf7 h4 45. Rd3 Re3 46. Rd2 h3 47. Rh2 Nh6 48. Rh7 Ng4 49. R2xh3 Rxh3 50. Rxh3 Rg8 51. b4 g5 52. c4 Nf2 53. Rh2 Ne4 54. Rg2 g4 55. Kc2 g3 56. Kd3 Nd6 57. c5 Nf5 58. cxb6 axb6 59. Ke4 Nh4 0-1

[Event "Portoroz op 14th"]
[Site "Portoroz"]
[Date "2023.07.21"]
[Round "8"]
[White "Litner, Igor"]
[Black "Sosic, Zvan"]
[Result "1-0"]
[WhiteElo "1943"]
[BlackElo "1787"]
[PlyCount "83"]
[EventDate "2023.07.15"]
[EventType "swiss"]
[EventRounds "9"]
[EventCountry "SLO"]
[SourceTitle "CBM 215 Extra"]
[Source "ChessBase"]
[SourceDate "2023.09.30"]
[SourceVersion "1"]
[SourceVersionDate "2023.09.30"]
[SourceQuality "1"]

1. d4 Nf6 2. c4 e6 3. Nc3 Bb4 4. Qc2 0-0 5. Nf3 b6 6. a3 Bxc3+ 7. Qxc3 Bb7 8. Bg5 d6 9. e3 Nbd7 10. 0-0-0 Ne4 11. Bxd8 Nxc3 12. bxc3 Raxd8 13. Bd3 f5 14. Rhg1 Nf6 15. Ng5 Rde8 16. f3 h6 17. Nh3 g5 18. Nf2 Kh8 19. Rde1 Nh5 20. Kc2 Rf6 21. Rb1 Bc6 22. c5 dxc5 23. dxc5 bxc5 24. Bb5 e5 25. Bxc6 Rxc6 26. e4 Ra6 27. exf5 Rxa3 28. Ra1 Rxa1 29. Rxa1 Ra8 30. Ra6 Nf4 31. g3 Nd5 32. g4 Nf4 33. Nd3 Nxd3 34. Kxd3 Kg7 35. Ke4 Re8 36. Rxa7 Re7 37. Ra6 Rd7 38. Rc6 Rd2 39. Rxc7+ Kg8 40. Kxe5 Rxh2 41. Kf6 Rd2 42. Kg6 1-0

[Event "Pobeskydy Talents op 42nd"]
[Site "Frydek Mistek"]
[Date "2023.04.10"]
[Round "9"]
[White "Litner, Igor"]
[Black "Jaworski, Tymon"]
[Result "1-0"]
[WhiteElo "1970"]
[BlackElo "1798"]
[PlyCount "109"]
[EventDate "2023.04.06"]
[EventType "swiss"]
[EventRounds "9"]
[EventCountry "CZE"]
[SourceTitle "EXT 2024"]
[Source "ChessBase"]
[SourceDate "2023.10.10"]
[SourceVersion "1"]
[SourceVersionDate "2023.10.10"]
[SourceQuality "1"]

1. d4 Nf6 2. c4 g6 3. Nc3 Bg7 4. g3 0-0 5. Bg2 d6 6. Nf3 Nbd7 7. 0-0 e5 8. e3 c6 9. b3 Re8 10. Bb2 e4 11. Nd2 d5 12. cxd5 cxd5 13. Qc2 a6 14. Rfc1 b5 15. b4 Nb6 16. a4 Bd7 17. axb5 axb5 18. Rxa8 Qxa8 19. Ra1 Qb7 20. Ra5 Bf8 21. Ba3 Nc4 22. Nxc4 bxc4 23. Qb2 Rb8 24. b5 Qb6 25. Ra6 Qxa6 26. bxa6 Rxb2 27. Bxb2 Bc6 28. f3 Bb4 29. Na2 Bd2 30. Kf2 Ne8 31. fxe4 dxe4 32. Bc3 Bxc3 33. Nxc3 f5 34. d5 Ba8 35. Nb5 Bxd5 36. Bf1 Kf8 37. a7 Ke7 38. Bxc4 Ba8 39. Ke1 Kd7 40. Kd2 Kc6 41. Kc3 Kc5 42. Bf7 Nf6 43. Nc7 Bb7 44. h3 Kb6 45. a8Q Bxa8 46. Nxa8+ Kb7 47. Kd4 Kxa8 48. Ke5 Nh5 49. g4 Ng3 50. g5 Ne2 51. h4 Ng1 52. h5 Nh3 53. Bxg6 hxg6 54. hxg6 Nxg5 55. Kxf5 1-0

[Event "Pobeskydy Talents op 42nd"]
[Site "Frydek Mistek"]
[Date "2023.04.06"]
[Round "1"]
[White "Litner, Igor"]
[Black "Matras, Ondrej"]
[Result "0-1"]
[WhiteElo "1970"]
[BlackElo "2170"]
[PlyCount "106"]
[EventDate "2023.04.06"]
[EventType "swiss"]
[EventRounds "9"]
[EventCountry "CZE"]
[SourceTitle "EXT 2024"]
[Source "ChessBase"]
[SourceDate "2023.10.10"]
[SourceVersion "1"]
[SourceVersionDate "2023.10.10"]
[SourceQuality "1"]

1. d4 Nf6 2. Nf3 g6 3. Bf4 Bg7 4. Nc3 d5 5. Qd2 Bf5 6. 0-0-0 c6 7. Bh6 0-0 8. h3 Nbd7 9. Nh4 Be6 10. Bxg7 Kxg7 11. g4 Nb6 12. e3 Ne4 13. Nxe4 dxe4 14. Qa5 Qd5 15. Qxd5 cxd5 16. Be2 Nc8 17. Ng2 g5 18. f3 Nd6 19. f4 f6 20. h4 h6 21. b3 Rac8 22. Kb2 Rc7 23. Rc1 Rfc8 24. c3 Bd7 25. hxg5 hxg5 26. fxg5 fxg5 27. Rh5 Nf7 28. c4 Bb5 29. Rc3 dxc4 30. Ne1 Ba6 31. a4 cxb3 32. Rxc7 Rxc7 33. Bxa6 bxa6 34. Kxb3 Rc1 35. Nc2 Rg1 36. Kb4 Rxg4 37. Rh2 Rh4 38. Rg2 Rh6 39. d5 Rb6+ 40. Kc5 Kf6 41. Nd4 Ne5 42. Nc6 Nf3 43. Rg4 Kf5 44. Rg2 Rb7 45. d6 exd6+ 46. Kxd6 Rb3 47. Nd4+ Nxd4 48. exd4 e3 49. d5 Rd3 50. Kc6 Rd2 51. Rg1 e2 52. Re1 Ke4 53. d6 Kf3 0-1

[Event "POL-chT 2nd League"]
[Site "Jastrzebia Gora"]
[Date "2022.09.08"]
[Round "6.54"]
[White "Malek, Jan"]
[Black "Litner, Igor"]
[Result "1-0"]
[WhiteElo "2339"]
[BlackElo "1978"]
[PlyCount "43"]
[EventDate "2022.09.03"]
[EventType "team-swiss"]
[EventRounds "9"]
[EventCountry "POL"]
[SourceTitle "CBM 210 Extra"]
[Source "ChessBase"]
[SourceDate "2022.11.30"]
[SourceVersion "1"]
[SourceVersionDate "2022.11.30"]
[SourceQuality "1"]
[WhiteTeam "Gdansk Korona"]
[BlackTeam "Bialoleka Sparta"]
[WhiteTeamCountry "POL"]
[BlackTeamCountry "POL"]

1. e4 d6 2. d4 Nf6 3. Nc3 e5 4. Nf3 Nbd7 5. Bc4 Be7 6. 0-0 0-0 7. a4 c6 8. Re1 Qc7 9. h3 b6 10. Ba2 a6 11. Nh4 exd4 12. Nf5 dxc3 13. Nxe7+ Kh8 14. Nf5 d5 15. exd5 cxd5 16. Qd4 Qc5 17. Qf4 Re8 18. Be3 Re4 19. Qg3 Qd4 20. Bxd4 Nc5 21. Rxe4 Ncxe4 22. Qxg7# 1-0

[Event "POL-ch Academic"]
[Site "Chorzow"]
[Date "2022.04.01"]
[Round "2"]
[White "Litner, Igor"]
[Black "Szpar, Milosz"]
[Result "0-1"]
[WhiteElo "1806"]
[BlackElo "2393"]
[PlyCount "98"]
[EventDate "2022.04.01"]
[EventType "swiss (rapid)"]
[EventRounds "9"]
[EventCountry "POL"]
[SourceTitle "EXT 2024"]
[Source "ChessBase"]
[SourceDate "2023.10.10"]
[SourceVersion "1"]
[SourceVersionDate "2023.10.10"]
[SourceQuality "1"]

1. g3 d5 2. Bg2 e5 3. Nf3 Bd6 4. 0-0 Nf6 5. d3 0-0 6. b3 Re8 7. Bb2 Nbd7 8. Nbd2 Nf8 9. e4 c6 10. c4 Ng6 11. cxd5 cxd5 12. Rc1 b6 13. exd5 Bb7 14. Ne4 Nxd5 15. Nxd6 Qxd6 16. d4 e4 17. Ne5 e3 18. Nc4 Qd7 19. fxe3 Nxe3 20. Nxe3 Rxe3 21. Qd2 Rae8 22. Rce1 Rxe1 23. Rxe1 Rxe1+ 24. Qxe1 Bxg2 25. Kxg2 Qc6+ 26. Kg1 h5 27. Qc3 Qd5 28. Qc8+ Kh7 29. Qh3 Qf3 30. Qf1 Qd5 31. Qg2 Qa5 32. Qf3 Qxa2 33. Bc1 Qc2 34. Qxh5+ Kg8 35. Qg5 Qd1+ 36. Kg2 Qxd4 37. h4 Qe4+ 38. Kh2 Ne5 39. Qd8+ Kh7 40. Qd1 Ng4+ 41. Kg1 f5 42. Bf4 a5 43. Qa1 Qd5 44. Qb2 Qd1+ 45. Kg2 Qd5+ 46. Kg1 Qc5+ 47. Kg2 b5 48. Qa2 Qd5+ 49. Kg1 a4 0-1

[Event "POL-chT 2nd League"]
[Site "Sypniewo"]
[Date "2021.09.09"]
[Round "6.5"]
[White "Litner, Igor"]
[Black "Bartkowiak, Damian"]
[Result "1/2-1/2"]
[WhiteElo "1983"]
[BlackElo "2099"]
[PlyCount "106"]
[EventDate "2021.09.04"]
[EventType "team-swiss"]
[EventRounds "9"]
[EventCountry "POL"]
[SourceTitle "CBM 204 Extra"]
[Source "ChessBase"]
[SourceDate "2021.11.30"]
[SourceVersion "1"]
[SourceVersionDate "2021.11.30"]
[SourceQuality "1"]
[WhiteTeam "Bialoleka Sparta"]
[BlackTeam "Zakrzewo Korona"]
[WhiteTeamCountry "POL"]
[BlackTeamCountry "POL"]

1. g3 c5 2. Bg2 Nc6 3. d3 g6 4. c3 Bg7 5. e4 e5 6. Ne2 Nge7 7. 0-0 0-0 8. Be3 d6 9. Nd2 b5 10. f4 Rb8 11. Nf3 Qc7 12. fxe5 Nxe5 13. Nxe5 dxe5 14. Qc2 Be6 15. Kh1 h6 16. Ng1 Rfd8 17. Bh3 Bxh3 18. Nxh3 c4 19. dxc4 bxc4 20. b4 Rd3 21. Bc5 Rbd8 22. Rad1 Nc8 23. Nf2 Qc6 24. Nxd3 Qxe4+ 25. Qg2 Qxg2+ 26. Kxg2 cxd3 27. g4 e4 28. Kf2 Nb6 29. Bxb6 axb6 30. Ke3 Bxc3 31. Kxe4 Rd4+ 32. Ke3 d2 33. a3 Rxg4 34. Rf4 Rg2 35. Rc4 Bf6 36. h4 Rg3+ 37. Kxd2 Rxa3 38. h5 gxh5 39. Rc6 Kg7 40. Rxb6 h4 41. Ke2 h3 42. Kf2 Rb3 43. Rb7 Be5 44. Kg1 Kg6 45. b5 f5 46. Kh1 Bg3 47. b6 h5 48. Rc1 h4 49. Rbc7 Rxb6 50. R7c6+ Rxc6 51. Rxc6+ Kg5 52. Rc5 Bf4 53. Rc1 Kf6 1/2-1/2

[Event "POL-chT 2nd League"]
[Site "Sypniewo"]
[Date "2021.09.08"]
[Round "5.9"]
[White "Maciaga, Marcin"]
[Black "Litner, Igor"]
[Result "1-0"]
[WhiteElo "2116"]
[BlackElo "1983"]
[PlyCount "96"]
[EventDate "2021.09.04"]
[EventType "team-swiss"]
[EventRounds "9"]
[EventCountry "POL"]
[SourceTitle "CBM 204 Extra"]
[Source "ChessBase"]
[SourceDate "2021.11.30"]
[SourceVersion "1"]
[SourceVersionDate "2021.11.30"]
[SourceQuality "1"]
[WhiteTeam "Zielonka Zieloni"]
[BlackTeam "Bialoleka Sparta"]
[WhiteTeamCountry "POL"]
[BlackTeamCountry "POL"]

1. g3 Nf6 2. c4 d6 3. Bg2 g6 4. Nc3 c6 5. e4 Bg7 6. Nge2 e5 7. 0-0 0-0 8. d3 Nbd7 9. h3 Nc5 10. b4 Ne6 11. Be3 Bd7 12. Rb1 Ne8 13. Qd2 N8c7 14. d4 exd4 15. Nxd4 Nxd4 16. Bxd4 Be6 17. Bxg7 Kxg7 18. Rfd1 Qe7 19. b5 c5 20. Qxd6 Qxd6 21. Rxd6 Bxc4 22. e5 Rab8 23. b6 axb6 24. Rdxb6 Rfd8 25. Rxb7 Rxb7 26. Rxb7 Ne6 27. Bf1 Rd4 28. a4 Bxf1 29. Kxf1 Rc4 30. Nb5 Rxa4 31. Nd6 Nd8 32. Rd7 Ra8 33. Rc7 Ra5 34. Rd7 Ra8 35. Ke2 g5 36. f4 gxf4 37. gxf4 Kg6 38. f5+ Kg5 39. Nxf7+ Kxf5 40. Nxd8 Kxe5 41. Nc6+ Kf4 42. Rxh7 Kg3 43. Ne7 Ra3 44. h4 Kg4 45. h5 Kg5 46. Ng8 Ra6 47. h6 Rg6 48. Rc7 Rxg8 1-0

[Event "POL-chT 2nd League"]
[Site "Sypniewo"]
[Date "2021.09.05"]
[Round "2.9"]
[White "Walentukiewicz, Michal"]
[Black "Litner, Igor"]
[Result "1/2-1/2"]
[WhiteElo "2066"]
[BlackElo "1983"]
[PlyCount "41"]
[EventDate "2021.09.04"]
[EventType "team-swiss"]
[EventRounds "9"]
[EventCountry "POL"]
[SourceTitle "CBM 204 Extra"]
[Source "ChessBase"]
[SourceDate "2021.11.30"]
[SourceVersion "1"]
[SourceVersionDate "2021.11.30"]
[SourceQuality "1"]
[WhiteTeam "Wroclaw Hetman"]
[BlackTeam "Bialoleka Sparta"]
[WhiteTeamCountry "POL"]
[BlackTeamCountry "POL"]

1. e4 d6 2. d4 Nf6 3. Nc3 e5 4. Nf3 Nbd7 5. g3 Be7 6. Bg2 c6 7. 0-0 0-0 8. a4 Qc7 9. h3 b6 10. Be3 Bb7 11. Qd2 a6 12. Nh4 Rfe8 13. Nf5 Bf8 14. g4 exd4 15. Bxd4 c5 16. Bxf6 Nxf6 17. Rfe1 Rad8 18. g5 Nd7 19. Rad1 Ne5 20. Nd5 Bxd5 21. Qxd5 1/2-1/2

[Event "POL-chT 2nd League"]
[Site "Sypniewo"]
[Date "2021.09.04"]
[Round "1.9"]
[White "Litner, Igor"]
[Black "Warszawski, Bartosz"]
[Result "0-1"]
[WhiteElo "1983"]
[BlackElo "2169"]
[PlyCount "64"]
[EventDate "2021.09.04"]
[EventType "team-swiss"]
[EventRounds "9"]
[EventCountry "POL"]
[SourceTitle "CBM 204 Extra"]
[Source "ChessBase"]
[SourceDate "2021.11.30"]
[SourceVersion "1"]
[SourceVersionDate "2021.11.30"]
[SourceQuality "1"]
[WhiteTeam "Bialoleka Sparta"]
[BlackTeam "Warszawa YMCA"]
[WhiteTeamCountry "POL"]
[BlackTeamCountry "POL"]

1. d4 Nf6 2. Bg5 c5 3. Bxf6 exf6 4. c3 Qb6 5. Qd2 d5 6. e3 Nc6 7. Nf3 Be6 8. dxc5 Bxc5 9. Nd4 0-0 10. Be2 Rfe8 11. 0-0 a5 12. a4 Rad8 13. Na3 Ne5 14. b3 Bg4 15. Bb5 Re7 16. h3 Bc8 17. Rfb1 Bd6 18. Nac2 Bb8 19. Be2 Ng6 20. Nb5 f5 21. g3 f4 22. exf4 Bxh3 23. Qd4 Qc6 24. Bd3 Qc8 25. Bxg6 hxg6 26. Re1 Re4 27. Rxe4 dxe4 28. Qxe4 Bf5 29. Qe2 Bd3 30. Qe3 Bxc2 31. c4 Qg4 32. Nd4 Ba7 0-1

[Event "FIDE World Uni Rapid-F 1st"]
[Site "Tornelo INT"]
[Date "2021.03.21"]
[Round "12"]
[White "Fadlilah, Muhammad Harits"]
[Black "Litner, Igor"]
[Result "1/2-1/2"]
[WhiteElo "1995"]
[BlackElo "1980"]
[PlyCount "135"]
[EventDate "2021.03.20"]
[EventType "swiss (rapid)"]
[EventRounds "12"]
[EventCountry "NET"]
[SourceTitle "EXT 2022"]
[Source "ChessBase"]
[SourceDate "2021.10.06"]
[SourceVersion "1"]
[SourceVersionDate "2021.10.06"]
[SourceQuality "1"]

1. e4 d6 2. d4 Nf6 3. Nc3 e5 4. Nf3 Nbd7 5. Bc4 Be7 6. 0-0 0-0 7. Be3 c6 8. Bb3 b5 9. a3 a6 10. h3 Bb7 11. dxe5 dxe5 12. Qe2 Qc7 13. Rfd1 Nc5 14. Bg5 Rfd8 15. Nh4 Nxb3 16. cxb3 g6 17. Qf3 Kg7 18. Ne2 Rxd1+ 19. Rxd1 Rd8 20. Rxd8 Qxd8 21. Ng3 Bc8 22. Kh2 Qd4 23. Qe2 Be6 24. Be3 Qd8 25. Qc2 Nd7 26. Nf3 c5 27. Ne2 Qc7 28. b4 Bc4 29. bxc5 Bxc5 30. Bxc5 Qxc5 31. Nc3 f6 32. Qd2 Nb6 33. Qd8 Bf7 34. Qd2 Nc4 35. Qc2 a5 36. Nd1 Qb6 37. Qc1 b4 38. a4 Qd6 39. Ne3 Nxe3 40. Qxe3 Qc6 41. b3 Qc3 42. Nd2 Qxe3 43. fxe3 f5 44. exf5 gxf5 45. g3 Kf6 46. Kg2 Bd5+ 47. Kf2 Kg5 48. Ke2 h5 49. Kd3 h4 50. gxh4+ Kxh4 51. Nc4 f4 52. Nxe5 f3 53. e4 Bxb3 54. Nxf3+ Kxh3 55. e5 Bxa4 56. Nd4 Kg4 57. Ke4 Kg5 58. Kd5 b3 59. Nf3+ Kg6 60. Kd6 b2 61. Nd2 Kf5 62. Kc5 Bc2 63. Kc4 a4 64. Kc3 a3 65. Kxc2 Kxe5 66. Kb3 b1Q+ 67. Nxb1 a2 68. Kxa2 1/2-1/2

[Event "FIDE World Uni Rapid-F 1st"]
[Site "Tornelo INT"]
[Date "2021.03.20"]
[Round "2"]
[White "Litner, Igor"]
[Black "Naitik, Choudhary"]
[Result "1-0"]
[WhiteElo "1980"]
[BlackElo "1355"]
[PlyCount "57"]
[EventDate "2021.03.20"]
[EventType "swiss (rapid)"]
[EventRounds "12"]
[EventCountry "NET"]
[SourceTitle "EXT 2022"]
[Source "ChessBase"]
[SourceDate "2021.10.06"]
[SourceVersion "1"]
[SourceVersionDate "2021.10.06"]
[SourceQuality "1"]

1. d4 Nf6 2. Bg5 h6 3. Bxf6 exf6 4. g3 d5 5. Bg2 c6 6. e3 Be6 7. Ne2 a5 8. 0-0 Be7 9. Nd2 0-0 10. Rc1 Na6 11. c4 Nb4 12. a3 Nd3 13. Rc3 dxc4 14. b3 b5 15. bxc4 bxc4 16. Bxc6 Rb8 17. Nc1 Rb1 18. Qa4 Nxc1 19. Rfxc1 Rxc1+ 20. Rxc1 Qd6 21. Rc3 Rc8 22. Bb5 h5 23. Bxc4 h4 24. Bxe6 Rxc3 25. Qe8+ Kh7 26. Qxf7 Rc1+ 27. Kg2 Kh6 28. Bf5 h3+ 29. Kxh3 1-0

[Event "POL-ch Academic"]
[Site "Katowice"]
[Date "2020.11.13"]
[Round "2"]
[White "Litner, Igor"]
[Black "Adamczewski, Maciej"]
[Result "0-1"]
[WhiteElo "1962"]
[BlackElo "2053"]
[PlyCount "98"]
[EventDate "2020.11.13"]
[EventType "swiss (rapid)"]
[EventRounds "9"]
[EventCountry "POL"]
[SourceTitle "CBM 199 Extra"]
[Source "ChessBase"]
[SourceDate "2021.01.31"]
[SourceVersion "1"]
[SourceVersionDate "2021.01.31"]
[SourceQuality "1"]

1. d4 Nf6 2. Bg5 c5 3. Bxf6 gxf6 4. e3 b6 5. c3 Bb7 6. Nf3 e6 7. Nbd2 Be7 8. Bd3 d6 9. Qc2 f5 10. e4 fxe4 11. Bxe4 Bxe4 12. Qxe4 d5 13. Qe5 Bf6 14. Qh5 Nd7 15. Ne5 Bxe5 16. dxe5 Qe7 17. f4 0-0-0 18. Nf3 h6 19. 0-0-0 Nb8 20. Qh4 Nc6 21. Qf2 Kb7 22. g3 b5 23. Nd2 Na5 24. Nb3 Nxb3+ 25. axb3 a5 26. Rhf1 d4 27. Kb1 dxc3 28. bxc3 Kb6 29. f5 Rxd1+ 30. Rxd1 Rd8 31. Rxd8 Qxd8 32. fxe6 fxe6 33. Qf6 Qd5 34. Qxh6 Qxb3+ 35. Kc1 Qxc3+ 36. Kb1 Qxe5 37. h4 a4 38. Qg5 Qe1+ 39. Kb2 Qb4+ 40. Kc1 Qc4+ 41. Kb1 Qd3+ 42. Ka2 Qb3+ 43. Ka1 a3 44. Qd2 Kc6 45. h5 Qxg3 46. h6 Qh3 47. Qf4 b4 48. Qe4+ Kd6 49. h7 b3 0-1

[Event "Pardubice Czech op-C 30th"]
[Site "Pardubice"]
[Date "2019.07.27"]
[Round "9"]
[White "Steggink, Freddie"]
[Black "Litner, Igor"]
[Result "0-1"]
[WhiteElo "1721"]
[BlackElo "2000"]
[PlyCount "64"]
[EventDate "2019.07.20"]
[EventType "swiss"]
[EventRounds "9"]
[EventCountry "CZE"]
[SourceTitle "EXT 2020"]
[Source "ChessBase"]
[SourceDate "2019.10.17"]
[SourceVersion "1"]
[SourceVersionDate "2019.10.17"]
[SourceQuality "1"]

1. d4 f5 2. g3 Nf6 3. Bg2 e6 4. c4 d5 5. Nh3 c6 6. 0-0 Bd6 7. Bf4 0-0 8. Nd2 Bxf4 9. Nxf4 Qb6 10. cxd5 exd5 11. Nb3 Na6 12. Nd3 Be6 13. Nbc5 Rae8 14. e3 Nxc5 15. Nxc5 g5 16. Qc2 Ne4 17. Nd3 Bf7 18. b4 Bg6 19. Ne5 Qxb4 20. Rab1 Qe7 21. Bxe4 fxe4 22. f4 gxf4 23. exf4 Bf5 24. g4 Bc8 25. Rb3 Qd6 26. Rg3 b6 27. Qxc6 Qxc6 28. Nxc6 Ba6 29. Rc1 Rxf4 30. h3 e3 31. Nb4 e2 32. Nc2 Rf1+ 0-1

[Event "Rubinstein Memorial-A 54th"]
[Site "Polanica Zdroj"]
[Date "2018.08.21"]
[Round "4"]
[White "Litner, Igor"]
[Black "Kucza, Karol"]
[Result "0-1"]
[WhiteElo "1990"]
[BlackElo "2342"]
[PlyCount "106"]
[EventDate "2018.08.18"]
[EventType "swiss"]
[EventRounds "9"]
[EventCountry "POL"]
[SourceTitle "CBM 186 Extra"]
[Source "ChessBase"]
[SourceDate "2018.08.24"]
[SourceVersion "1"]
[SourceVersionDate "2018.08.24"]
[SourceQuality "1"]

1. d4 d5 2. c4 e6 3. Nc3 c6 4. e4 dxe4 5. Nxe4 Bb4+ 6. Nc3 c5 7. a3 Bxc3+ 8. bxc3 Nf6 9. Nf3 Qa5 10. Bd2 Ne4 11. Qc2 Nxd2 12. Nxd2 cxd4 13. cxd4 Nc6 14. Qb2 0-0 15. 0-0-0 Rd8 16. Nb3 Qc7 17. Qc3 b6 18. Kb2 Bb7 19. Be2 Ne7 20. f3 Rac8 21. g3 a5 22. Rc1 a4 23. Na1 Ba6 24. Rhd1 Nf5 25. Bd3 Nxd4 26. Bxh7+ Kxh7 27. Rxd4 Rxd4 28. Qxd4 Bxc4 29. Rc3 Qc5 30. Qxc5 Rxc5 31. Nc2 Bd5 32. Rxc5 bxc5 33. f4 Kg6 34. Ne3 f5 35. Kc3 Kf6 36. Nd1 e5 37. Nb2 exf4 38. gxf4 Bb3 39. Nd3 c4 40. Nc1 Kg6 41. Ne2 Kh5 42. Nd4 Kg4 43. Ne6 g6 44. Nf8 Kxf4 45. Nxg6+ Ke4 46. h4 f4 47. h5 f3 48. h6 f2 49. h7 f1Q 50. Kb4 Qe1+ 51. Kb5 Qh1 52. h8Q Qxh8 53. Nxh8 c3 0-1

[Event "Rubinstein Memorial-A 54th"]
[Site "Polanica Zdroj"]
[Date "2018.08.20"]
[Round "3"]
[White "Wasylkiewicz, Andrzej"]
[Black "Litner, Igor"]
[Result "0-1"]
[WhiteElo "1816"]
[BlackElo "1990"]
[PlyCount "92"]
[EventDate "2018.08.18"]
[EventType "swiss"]
[EventRounds "9"]
[EventCountry "POL"]
[SourceTitle "CBM 186 Extra"]
[Source "ChessBase"]
[SourceDate "2018.08.24"]
[SourceVersion "1"]
[SourceVersionDate "2018.08.24"]
[SourceQuality "1"]

1. d4 f5 2. Nc3 Nf6 3. Nf3 e6 4. Bg5 Bb4 5. Qd2 d6 6. a3 Bxc3 7. Qxc3 Nbd7 8. e3 h6 9. Bxf6 Nxf6 10. Bd3 0-0 11. Qb3 Kh8 12. Nd2 b6 13. f3 c5 14. c3 d5 15. Qc2 Bb7 16. 0-0 Rc8 17. f4 Qd6 18. g3 g5 19. fxg5 hxg5 20. Nf3 Rg8 21. Ne5 Rcf8 22. Bxf5 exf5 23. Qxf5 Bc8 24. Qc2 Qe7 25. Ng6+ Rxg6 26. Qxg6 Qxe3+ 27. Kg2 Qe4+ 28. Qxe4 dxe4 29. d5 Kg7 30. c4 Bg4 31. Rfe1 Bf3+ 32. Kg1 Ne8 33. b4 Nd6 34. bxc5 bxc5 35. Rac1 Kf6 36. Rc3 Ke5 37. h4 gxh4 38. gxh4 Kd4 39. Rc2 Nxc4 40. Rec1 Rg8+ 41. Kh2 Ne3 42. Rd2+ Ke5 43. d6 Ng4+ 44. Kh3 e3 45. Rxc5+ Ke6 46. Rdc2 Nf2+ 0-1

[Event "Olomouc Summmer op 21st"]
[Site "Olomouc"]
[Date "2018.08.17"]
[Round "8"]
[White "Kalinowska, Zuzanna"]
[Black "Litner, Igor"]
[Result "1/2-1/2"]
[WhiteElo "2044"]
[BlackElo "1990"]
[PlyCount "93"]
[EventDate "2018.08.11"]
[EventType "swiss"]
[EventRounds "9"]
[EventCountry "CZE"]
[SourceTitle "CBM 186 Extra"]
[Source "ChessBase"]
[SourceDate "2018.08.24"]
[SourceVersion "1"]
[SourceVersionDate "2018.08.24"]
[SourceQuality "1"]

1. d4 d5 2. c4 e6 3. Nc3 c6 4. cxd5 exd5 5. Qc2 Nf6 6. Bg5 Nbd7 7. Nf3 Bd6 8. e3 h6 9. Bh4 0-0 10. Bd3 Re8 11. 0-0 Nf8 12. e4 Be7 13. e5 Nh5 14. Bxe7 Qxe7 15. g3 Bg4 16. Nd2 Ne6 17. Nb3 Bh3 18. Rfe1 a5 19. a4 Qg5 20. Bf1 Bxf1 21. Kxf1 Qg4 22. Qe2 Qh3+ 23. Kg1 f5 24. Qf1 Qxf1+ 25. Kxf1 g5 26. f3 Ra6 27. Ne2 Rb6 28. Ra3 Rb4 29. Rd1 Ra8 30. Rd2 Nhg7 31. Nc3 Kf7 32. Na2 Rc4 33. Nc3 f4 34. g4 h5 35. h3 b6 36. Ne2 Rh8 37. Kg2 hxg4 38. hxg4 Ne8 39. Nbc1 c5 40. dxc5 Nxc5 41. b3 Rb4 42. Nc3 Nc7 43. N3a2 Ke6 44. Nxb4 axb4 45. Raa2 Kxe5 46. a5 Rb8 47. Nd3+ 1/2-1/2

[Event "Olomouc Summmer op 21st"]
[Site "Olomouc"]
[Date "2018.08.14"]
[Round "5"]
[White "Litner, Igor"]
[Black "Valenta, Vit"]
[Result "0-1"]
[WhiteElo "1990"]
[BlackElo "2085"]
[PlyCount "144"]
[EventDate "2018.08.11"]
[EventType "swiss"]
[EventRounds "9"]
[EventCountry "CZE"]
[SourceTitle "CBM 186 Extra"]
[Source "ChessBase"]
[SourceDate "2018.08.24"]
[SourceVersion "1"]
[SourceVersionDate "2018.08.24"]
[SourceQuality "1"]

1. d4 Nf6 2. Nf3 g6 3. Bf4 Bg7 4. h3 d6 5. e3 Nbd7 6. Be2 0-0 7. 0-0 b6 8. Bh2 Bb7 9. c4 Re8 10. Nc3 e5 11. Qc2 exd4 12. exd4 Ne4 13. Bd3 Nxc3 14. bxc3 Bxf3 15. gxf3 Qg5+ 16. Bg3 Nf6 17. f4 Qa5 18. Rfe1 Nh5 19. Be4 Rab8 20. Bc6 Rxe1+ 21. Rxe1 Nxg3 22. fxg3 Bxd4+ 23. Kg2 Bf6 24. Re2 Kf8 25. g4 h6 26. Re3 a6 27. a4 Kg7 28. Kg3 g5 29. fxg5 Qxg5 30. Rf3 h5 31. Qf5 Qxf5 32. gxf5 Be5+ 33. Kf2 Kf6 34. Ke2 Rg8 35. Bb7 a5 36. Kf2 Bh2 37. Ke3 Re8+ 38. Kd3 Re1 39. Bc6 Be5 40. Kd2 Rg1 41. Kd3 Rg2 42. Bd5 Ra2 43. Bc6 Kg5 44. Be8 f6 45. Bc6 Kh4 46. Re3 Rf2 47. Rf3 Rh2 48. Be8 Kg5 49. Ke4 Re2+ 50. Kd5 Bxc3 51. Kc6 Bd4 52. Bd7 Rc2 53. Kxc7 Rxc4+ 54. Kxd6 Be5+ 55. Ke6 Kh4 56. Be8 Rd4 57. Rb3 Rb4 58. Rd3 Bb2 59. Re3 Bc1 60. Re1 Bg5 61. Ra1 Re4+ 62. Kd7 Bf4 63. Bf7 Re5 64. Bg6 Re3 65. Rb1 Rxh3 66. Rxb6 Kg5 67. Rb5 Rd3+ 68. Ke7 h4 69. Be8 h3 70. Bc6 Bd6+ 71. Ke6 Bb4 72. Rb8 Rd6+ 0-1

[Event "Bialystok Zamenhof Memorial-B 36th"]
[Site "Bialystok"]
[Date "2017.12.30"]
[Round "8"]
[White "Majek, Kacper"]
[Black "Litner, Igor"]
[Result "1-0"]
[WhiteElo "1628"]
[BlackElo "1941"]
[PlyCount "48"]
[EventDate "2017.12.27"]
[EventType "swiss"]
[EventRounds "9"]
[EventCountry "POL"]
[SourceTitle "CBM 182 Extra"]
[Source "ChessBase"]
[SourceDate "2018.02.23"]
[SourceVersion "1"]
[SourceVersionDate "2018.02.23"]
[SourceQuality "1"]

1. b3 d5 2. Bb2 Nf6 3. e3 c5 4. Nf3 e6 5. Be2 Nc6 6. d4 Bd6 7. 0-0 0-0 8. dxc5 Bxc5 9. Nbd2 a6 10. c4 dxc4 11. Nxc4 b5 12. Nce5 Nxe5 13. Nxe5 Bb7 14. Bf3 Bd5 15. Rc1 Rc8 16. Bxd5 Nxd5 17. Qf3 Qa5 18. Nd7 Qxa2 19. Nxf8 Rxf8 20. Be5 Ba3 21. Ra1 Qxb3 22. e4 Qxf3 23. gxf3 Nb6 24. Rxa3 Nc4 1-0